00459nam a22000977a 4500008004100000010001400041245009900055260000900154500006800163500013000231110627t xxu||||| |||| 00| 0 eng d aCACA F-56 aCourt of Appeal Civil Appeal No.16 of 1999. Revji Meghji Patel & ors vs Attorney General & ors c1999 aCoram: S.T.Manyindo, DCJ. , J.P. Berko, JA. , C.N.B.Kitumba, JA aAppeal from the Ruling and order of the High Court, H. Ntabgoba P.J. at Kampala dated 4th August 1999 in HCCS No. 54 of 1995